Medzinárodný manažment a medzinárodné podnikanie Faktografické údaje a prípadové štúdie
Uložené v:
| Hlavný autor: | |
|---|---|
| Korporativný autor: | |
| Ďalší autori: | |
| Médium: | Kniha |
| Jazyk: | Slovak |
| Vydavateľské údaje: |
Bratislava
Ekonóm
1996
|
| Vydanie: | 1. vyd. |
| Predmet: | |
| Tagy: |
Žiadne tagy, Buďte prvý, kto otaguje tento záznam!
|
MARC
| LEADER | 00000nam a2200000 4500 | ||
|---|---|---|---|
| 001 | c012513 | ||
| 005 | 20221214071351.4 | ||
| 020 | |a 80-225-0726-1 | ||
| 041 | 0 | |a slo | |
| 044 | |a SK | ||
| 245 | 1 | 0 | |a Medzinárodný manažment a medzinárodné podnikanie |b Faktografické údaje a prípadové štúdie |c Jana Sršňová, Ľubica Füzyová |
| 250 | |a 1. vyd. | ||
| 264 | 1 | |a Bratislava |b Ekonóm |c 1996 | |
| 300 | |a 148 s. | ||
| 610 | 2 | 0 | |a manažment medzinárodný |
| 610 | 2 | 0 | |a Európske spoločenstvá |
| 610 | 2 | 0 | |a integrácia ekonomická medzinárodná |
| 610 | 2 | 0 | |a porovnanie štatistické medzinárodné |
| 610 | 2 | 0 | |a vzťahy hospodárske medzinárodné |
| 610 | 2 | 0 | |a stratégia podniková |
| 610 | 2 | 0 | |a konkurencia medzinárodná |
| 610 | 2 | 0 | |a ceny zahraničnoobchodné |
| 610 | 2 | 0 | |a štúdie prípadové |
| 610 | 2 | 0 | |a informácie faktografické |
| 610 | 2 | 0 | |a joint ventures |
| 610 | 2 | 0 | |a rozhodovanie strategické |
| 610 | 2 | 0 | |a Medzinárodný menový fond |
| 100 | 1 | |a Sršňová, Jana | |
| 700 | 1 | |a Füzyová, Ľubica | |
| 710 | 2 | |a Ekonomická univerzita v Bratislave. Fakulta podnikového manažmentu | |